000 00252nam a2200097Ia 4500
001 782669
005 20250826170208.0
008 250824s9999 xx 000 0 und d
245 0 _aKÜÇÜK DENİZ KIZI
_cHANS CHRISTIAN ANDERSEN
260 _bARKADAŞ ÇOCUK
999 _c782669
_d782669